[Event "Agen 2017 - Vétérans"]
[Site "?"]
[Date "2017.08.19"]
[Round "1.4"]
[White "Goldenberg, Richard"]
[Black "Capitanio, Patrice"]
[Result "1-0"]
[LiveChessVersion "1.4.8"]
[BlackElo "1682"]
[WhiteElo "2216"]

1. Nf3 {[%clk 1:30:54]} Nf6 {[%clk 1:30:56]} 2. c4 {[%clk 1:31:19]} g6
{[%clk 1:31:06]} 3. Nc3 {[%clk 1:31:11]} Bg7 {[%clk 1:31:20]} 4. d4
{[%clk 1:27:18]} d5 {[%clk 1:30:52]} 5. Bf4 {[%clk 1:24:50]} O-O {[%clk 1:28:36]}
6. e3 {[%clk 1:20:42]} e6 {[%clk 1:22:27]} 7. Rc1 {[%clk 1:19:49]} c6
{[%clk 1:18:24]} 8. Bd3 {[%clk 1:17:34]} dxc4 {[%clk 1:12:34]} 9. Bxc4
{[%clk 1:17:56]} Nd5 {[%clk 1:12:49]} 10. Be5 {[%clk 1:13:14]} Bh6
{[%clk 1:11:53]} 11. O-O {[%clk 1:07:54]} Nd7 {[%clk 1:06:42]} 12. Ne4
{[%clk 1:04:52]} Qb6 {[%clk 0:53:36]} 13. Rc2 {[%clk 0:53:44]} Nxe5
{[%clk 0:52:17]} 14. dxe5 {[%clk 0:45:11]} Bg7 {[%clk 0:34:17]} 15. Nd6
{[%clk 0:37:45]} f5 {[%clk 0:22:57]} 16. exf6 {[%clk 0:29:02]} Bxf6
{[%clk 0:22:27]} 17. e4 {[%clk 0:28:34]} Nc7 {[%clk 0:21:56]} 18. Qc1
{[%clk 0:21:17]} Kg7 {[%clk 0:18:49]} 19. Rd1 {[%clk 0:20:21]} Be7
{[%clk 0:15:11]} 20. Rcd2 {[%clk 0:16:14]} Rd8 {[%clk 0:09:01]} 21. Bb3
{[%clk 0:12:19]} Bxd6 {[%clk 0:05:57]} 22. Rxd6 {[%clk 0:12:47]} Rxd6
{[%clk 0:06:23]} 23. Rxd6 {[%clk 0:13:04]} Nb5 {[%clk 0:06:39]} 24. Rd3
{[%clk 0:12:09]} e5 {[%clk 0:04:20]} 25. Qc4 {[%clk 0:10:30]} Qc7
{[%clk 0:04:00]} 26. a4 {[%clk 0:07:44]} Nd6 {[%clk 0:04:08]} 27. Qg8+
{[%clk 0:07:49]} 1-0

[Event "Agen 2017 - Open A"]
[Site "?"]
[Date "2017.08.19"]
[Round "1.1"]
[White "Decuigniere, Tom"]
[Black "Degardin, Sylvain"]
[Result "0-1"]
[LiveChessVersion "1.4.8"]
[BlackElo "2195"]
[WhiteElo "2050"]

1. c4 {[%clk 1:30:56]} g6 {[%clk 1:30:35]} 2. g3 {[%clk 1:30:16]} Bg7
{[%clk 1:29:56]} 3. Bg2 {[%clk 1:30:36]} c5 {[%clk 1:29:14]} 4. Nc3
{[%clk 1:30:55]} Nc6 {[%clk 1:29:06]} 5. d3 {[%clk 1:28:52]} e6 {[%clk 1:28:25]}
6. Bf4 {[%clk 1:26:13]} d6 {[%clk 1:24:33]} 7. Qd2 {[%clk 1:21:18]} h6
{[%clk 1:15:50]} 8. e4 {[%clk 1:14:38]} Nge7 {[%clk 1:07:58]} 9. Nge2
{[%clk 1:14:39]} a6 {[%clk 1:05:42]} 10. Rb1 {[%clk 1:09:35]} Rb8
{[%clk 0:57:20]} 11. a3 {[%clk 1:08:08]} b5 {[%clk 0:29:19]} 12. cxb5
{[%clk 1:03:51]} axb5 {[%clk 0:24:52]} 13. b4 {[%clk 1:02:13]} g5
{[%clk 0:20:23]} 14. Be3 {[%clk 1:01:46]} Ne5 {[%clk 0:19:03]} 15. f4
{[%clk 0:58:11]} gxf4 {[%clk 0:18:50]} 16. Nxf4 {[%clk 0:44:22]} cxb4
{[%clk 0:08:17]} 17. axb4 {[%clk 0:41:38]} N7c6 {[%clk 0:08:23]} 18. Nh5
{[%clk 0:37:43]} Kf8 {[%clk 0:05:43]} 19. Nxg7 {[%clk 0:31:47]} Kxg7
{[%clk 0:06:06]} 20. Qe2 {[%clk 0:30:48]} Qf6 {[%clk 0:03:48]} 21. Rf1
{[%clk 0:15:04]} Qg6 {[%clk 0:03:27]} 22. Rf4 {[%clk 0:14:19]} h5
{[%clk 0:03:20]} 23. Bf3 {[%clk 0:12:28]} Bd7 {[%clk 0:02:06]} 24. Rh4
{[%clk 0:09:18]} Nxf3+ {[%clk 0:01:57]} 25. Qxf3 {[%clk 0:09:43]} Ne5
{[%clk 0:02:12]} 26. Bd4 {[%clk 0:08:02]} f6 {[%clk 0:02:04]} 27. Bxe5
{[%clk 0:08:01]} dxe5 {[%clk 0:01:44]} 28. g4 {[%clk 0:07:35]} Qg5
{[%clk 0:01:25]} 29. Qg3 {[%clk 0:02:49]} Rbc8 {[%clk 0:01:32]} 30. Ne2
{[%clk 0:02:21]} Kf7 {[%clk 0:01:36]} 31. gxh5 {[%clk 0:01:38]} Rxh5
{[%clk 0:01:16]} 32. Qxg5 {[%clk 0:01:50]} Rxg5 {[%clk 0:01:40]} 33. Rh7+
{[%clk 0:01:48]} Rg7 {[%clk 0:02:06]} 34. Rxg7+ {[%clk 0:01:57]} Kxg7
{[%clk 0:02:31]} 35. Ra1 {[%clk 0:01:21]} Rc7 {[%clk 0:02:16]} 36. Kd2
{[%clk 0:01:43]} f5 {[%clk 0:02:19]} 37. Rg1+ {[%clk 0:01:35]} Kf7
{[%clk 0:02:20]} 38. h4 {[%clk 0:00:51]} fxe4 {[%clk 0:01:13]} 39. dxe4
{[%clk 0:00:57]} Rc4 {[%clk 0:01:19]} 40. h5 {[%clk 0:30:40]} Rxb4
{[%clk 0:31:32]} 41. h6 {[%clk 0:29:53]} Rb2+ {[%clk 0:30:06]} 42. Ke3
{[%clk 0:27:53]} Rb3+ {[%clk 0:30:01]} 43. Kd2 {[%clk 0:28:09]} Bc6
{[%clk 0:28:32]} 44. Rh1 {[%clk 0:12:54]} Kg8 {[%clk 0:28:27]} 45. Rh5
{[%clk 0:13:09]} Bxe4 {[%clk 0:27:23]} 46. Rxe5 {[%clk 0:13:01]} Bf5
{[%clk 0:27:40]} 47. Nf4 {[%clk 0:12:25]} Kf7 {[%clk 0:24:22]} 48. h7
{[%clk 0:11:48]} Bxh7 {[%clk 0:24:17]} 49. Nxe6 {[%clk 0:12:07]} Kf6
{[%clk 0:23:03]} 50. Re1 {[%clk 0:10:44]} Rd3+ {[%clk 0:15:39]} 51. Kc1
{[%clk 0:10:52]} b4 {[%clk 0:14:53]} 52. Kb2 {[%clk 0:11:05]} Rd2+
{[%clk 0:15:11]} 53. Kb3 {[%clk 0:09:24]} Bg8 {[%clk 0:15:17]} 54. Kxb4
{[%clk 0:09:40]} Bxe6 {[%clk 0:15:43]} 55. Kc3 {[%clk 0:09:10]} Rd5
{[%clk 0:15:32]} 56. Re3 {[%clk 0:08:27]} Ke7 {[%clk 0:15:50]} 57. Re4
{[%clk 0:08:37]} Ra5 {[%clk 0:14:05]} 58. Rd4 {[%clk 0:04:35]} Rc5+
{[%clk 0:11:02]} 59. Kd3 {[%clk 0:03:13]} Bd5 {[%clk 0:10:23]} 60. Rh4
{[%clk 0:03:10]} Kd6 {[%clk 0:10:47]} 61. Rh6+ {[%clk 0:03:03]} Be6
{[%clk 0:11:12]} 62. Rg6 {[%clk 0:03:04]} Ke5 {[%clk 0:11:27]} 63. Rg7
{[%clk 0:02:20]} Bf5+ {[%clk 0:10:48]} 64. Ke3 {[%clk 0:02:26]} Rc3+
{[%clk 0:11:00]} 65. Kd2 {[%clk 0:02:52]} Kd4 {[%clk 0:10:08]} 66. Rf7
{[%clk 0:01:09]} Rc2+ {[%clk 0:10:13]} 67. Kd1 {[%clk 0:01:22]} Be4
{[%clk 0:10:03]} 68. Rf4 {[%clk 0:00:36]} Rh2 {[%clk 0:09:05]} 69. Rg4
{[%clk 0:00:40]} Ra2 {[%clk 0:05:00]} 70. Rh4 {[%clk 0:00:53]} Rg2
{[%clk 0:05:05]} 71. Kc1 {[%clk 0:00:49]} Kc3 {[%clk 0:05:04]} 1-0

[Event "Agen 2017 - Open A"]
[Site "?"]
[Date "2017.08.19"]
[Round "1.2"]
[White "Durand-Le Ludec, Brendan-Budok"]
[Black "Grimault, Nathan"]
[Result "0-1"]
[LiveChessVersion "1.4.8"]
[BlackElo "2049"]
[WhiteElo "2193"]

1. e4 {[%clk 1:30:56]} g6 {[%clk 1:30:46]} 2. d4 {[%clk 1:31:18]} Bg7
{[%clk 1:31:11]} 3. Nc3 {[%clk 1:31:31]} d6 {[%clk 1:31:28]} 4. f4
{[%clk 1:31:47]} Nf6 {[%clk 1:30:32]} 5. Nf3 {[%clk 1:31:22]} Na6
{[%clk 1:28:56]} 6. e5 {[%clk 1:26:18]} dxe5 {[%clk 1:27:44]} 7. fxe5
{[%clk 1:26:37]} Nd5 {[%clk 1:27:14]} 8. Ne4 {[%clk 1:11:15]} c6 9. Be2
{[%clk 1:04:09]} O-O {[%clk 1:04:41]} 10. O-O {[%clk 1:03:17]} b6
{[%clk 1:04:47]} 11. c4 {[%clk 1:02:49]} Ndc7 {[%clk 1:05:06]} 12. Be3
{[%clk 1:02:46]} Bb7 {[%clk 0:54:42]} 13. Qe1 {[%clk 1:02:01]} f6
{[%clk 0:48:46]} 14. Qh4 {[%clk 0:55:55]} Ne6 {[%clk 0:40:20]} 15. Rad1
{[%clk 0:53:44]} Nac7 {[%clk 0:36:40]} 16. Bd3 {[%clk 0:49:25]} Rb8
{[%clk 0:26:43]} 17. Nc3 {[%clk 0:40:21]} Qe8 {[%clk 0:26:07]} 18. Be4
{[%clk 0:36:15]} Rd8 {[%clk 0:16:05]} 19. b4 {[%clk 0:34:41]} Ba6
{[%clk 0:14:04]} 20. Bd3 {[%clk 0:32:12]} Bb7 {[%clk 0:13:18]} 21. Bc2
{[%clk 0:31:05]} b5 {[%clk 0:13:34]} 22. c5 {[%clk 0:26:22]} Nd5 {[%clk 0:12:29]}
23. Nxd5 {[%clk 0:26:29]} cxd5 {[%clk 0:12:51]} 24. Qg3 {[%clk 0:23:13]} f5
{[%clk 0:08:31]} 25. Qh3 {[%clk 0:18:11]} Bc8 {[%clk 0:05:09]} 26. Bh6
{[%clk 0:17:10]} Qf7 {[%clk 0:04:17]} 27. Bxg7 {[%clk 0:16:24]} Qxg7
{[%clk 0:04:38]} 28. Ne1 {[%clk 0:15:49]} Bd7 {[%clk 0:04:09]} 29. Bb3
{[%clk 0:14:53]} Bc6 {[%clk 0:04:30]} 30. Nc2 {[%clk 0:14:37]} Ng5
{[%clk 0:04:31]} 31. Qe3 {[%clk 0:14:15]} Ne4 {[%clk 0:04:45]} 32. Ra1
{[%clk 0:14:15]} a6 {[%clk 0:04:49]} 33. a4 {[%clk 0:14:21]} Ra8 {[%clk 0:05:18]}
34. Ra3 {[%clk 0:13:46]} e6 {[%clk 0:05:38]} 35. axb5 {[%clk 0:12:32]} axb5
{[%clk 0:05:20]} 36. Rfa1 {[%clk 0:12:32]} Qb7 {[%clk 0:05:31]} 37. Ra5
{[%clk 0:12:00]} Kg7 {[%clk 0:02:59]} 38. Ne1 {[%clk 0:11:35]} Rxa5
{[%clk 0:02:56]} 39. bxa5 {[%clk 0:11:41]} Ra8 {[%clk 0:03:17]} 40. Nd3
{[%clk 0:41:29]} b4 {[%clk 0:33:24]} 41. Qe1 {[%clk 0:36:45]} Qb5
{[%clk 0:32:32]} 42. Nxb4 {[%clk 0:26:49]} Rxa5 {[%clk 0:32:37]} 43. Rb1
{[%clk 0:26:37]} Ra3 {[%clk 0:30:07]} 44. Nxc6 {[%clk 0:25:17]} Rxb3
{[%clk 0:26:53]} 45. Rxb3 {[%clk 0:25:23]} Qxb3 {[%clk 0:27:18]} 46. h3
{[%clk 0:21:28]} Qd3 {[%clk 0:25:19]} 47. Kh2 {[%clk 0:18:28]} Kg8
{[%clk 0:21:49]} 48. Ne7+ {[%clk 0:07:03]} Kf8 {[%clk 0:22:07]} 49. c6
{[%clk 0:05:47]} Qxd4 {[%clk 0:19:05]} 50. Nc8 {[%clk 0:01:54]} Qxe5+
{[%clk 0:19:23]} 51. Kh1 {[%clk 0:02:12]} Ng3+ {[%clk 0:19:41]} 0-1

[Event "Agen 2017 - Open A"]
[Site "?"]
[Date "2017.08.19"]
[Round "1.3"]
[White "Marchyllie, Bruno"]
[Black "Roussel, Glenn"]
[Result "0-1"]
[LiveChessVersion "1.4.8"]
[BlackElo "2184"]
[WhiteElo "2048"]

1. e4 {[%clk 1:30:54]} c5 {[%clk 1:30:53]} 2. d4 {[%clk 1:30:58]} cxd4
{[%clk 1:31:17]} 3. c3 {[%clk 1:31:21]} dxc3 {[%clk 1:31:42]} 4. Nxc3
{[%clk 1:31:46]} Nc6 {[%clk 1:28:40]} 5. Nf3 {[%clk 1:30:54]} e6 {[%clk 1:28:18]}
6. Bc4 {[%clk 1:30:45]} a6 {[%clk 1:27:44]} 7. O-O {[%clk 1:28:13]} Nge7
{[%clk 1:26:50]} 8. Bg5 {[%clk 1:26:11]} f6 {[%clk 1:27:00]} 9. Be3
{[%clk 1:18:20]} b5 {[%clk 1:26:47]} 10. Bb3 {[%clk 1:15:17]} Na5
{[%clk 1:26:05]} 11. Bc2 {[%clk 1:03:33]} Nc4 {[%clk 1:23:09]} 12. Qe2
{[%clk 0:57:28]} Ng6 {[%clk 1:17:31]} 13. a4 {[%clk 0:55:16]} Nxe3
{[%clk 1:15:36]} 14. Qxe3 {[%clk 0:52:06]} b4 {[%clk 1:14:46]} 15. Ne2
{[%clk 0:47:34]} Be7 {[%clk 1:09:40]} 16. Rfd1 {[%clk 0:43:43]} O-O
{[%clk 1:01:25]} 17. e5 {[%clk 0:42:28]} f5 {[%clk 0:56:17]} 18. Bb3
{[%clk 0:39:42]} Qa5 {[%clk 0:53:51]} 19. Rac1 {[%clk 0:39:46]} Kh8
{[%clk 0:47:32]} 20. Nf4 {[%clk 0:25:36]} Nxf4 {[%clk 0:43:35]} 21. Qxf4
{[%clk 0:25:57]} Qb6 {[%clk 0:27:13]} 22. Rd3 {[%clk 0:23:00]} a5
{[%clk 0:22:27]} 23. Ng5 {[%clk 0:19:07]} h6 {[%clk 0:21:16]} 24. Rh3
{[%clk 0:16:53]} Kg8 {[%clk 0:17:44]} 25. Nf3 {[%clk 0:16:27]} Bb7
{[%clk 0:15:50]} 26. Nd4 {[%clk 0:12:53]} Bg5 {[%clk 0:14:56]} 0-1

[Event "Agen 2017 - Open A"]
[Site "?"]
[Date "2017.08.19"]
[Round "1.4"]
[White "Verneuil, Pascal"]
[Black "Estadieu, Romeo"]
[Result " 1/2-1/2"]
[LiveChessVersion "1.4.8"]
[BlackElo "2045"]
[WhiteElo "2180"]

1. e4 {[%clk 1:30:55]} e6 {[%clk 1:30:54]} 2. d4 {[%clk 1:31:21]} d5
{[%clk 1:31:19]} 3. e5 {[%clk 1:31:47]} c5 {[%clk 1:31:42]} 4. Nf3
{[%clk 1:32:12]} Nc6 {[%clk 1:32:04]} 5. Bd3 {[%clk 1:32:38]} cxd4
{[%clk 1:32:04]} 6. O-O {[%clk 1:33:02]} Bc5 {[%clk 1:31:43]} 7. Re1
{[%clk 1:32:42]} Nge7 {[%clk 1:30:13]} 8. Bf4 {[%clk 1:32:56]} h6
{[%clk 1:29:08]} 9. a3 {[%clk 1:32:55]} a6 {[%clk 1:28:57]} 10. b4
{[%clk 1:33:18]} Bb6 {[%clk 1:28:21]} 11. Nbd2 {[%clk 1:32:52]} O-O
{[%clk 1:22:58]} 12. Bg3 {[%clk 1:32:44]} f5 {[%clk 1:22:14]} 13. exf6
{[%clk 1:32:50]} Rxf6 {[%clk 1:17:26]} 14. Ne5 {[%clk 1:30:25]} Nxe5
{[%clk 1:16:50]} 15. Bxe5 {[%clk 1:30:47]} Nc6 {[%clk 1:15:28]} 16. Bxf6
{[%clk 1:19:13]} Qxf6 {[%clk 1:15:50]} 17. Qf3 {[%clk 1:19:34]} Bd7
{[%clk 1:05:19]} 18. Nb3 {[%clk 1:13:21]} Qxf3 {[%clk 0:56:03]} 19. gxf3
{[%clk 1:13:47]} Rf8 {[%clk 0:56:26]} 20. Kg2 {[%clk 1:14:02]} Rf6
{[%clk 0:49:53]} 21. Nc5 {[%clk 1:12:30]} Bc8 {[%clk 0:48:51]} 22. Rac1
{[%clk 1:11:24]} Bc7 {[%clk 0:48:23]} 23. c3 {[%clk 1:08:43]} Bf4
{[%clk 0:48:09]} 24. cxd4 {[%clk 1:01:17]} Bxc1 {[%clk 0:42:06]} 25. Rxc1
{[%clk 1:01:42]} Rf4 {[%clk 0:38:38]} 26. Nxa6 {[%clk 1:00:55]} Rxd4
{[%clk 0:38:08]} 27. Bg6 {[%clk 1:01:07]} Ne7 {[%clk 0:36:41]} 28. Rc7
{[%clk 1:01:16]} Nxg6 {[%clk 0:36:51]} 29. Rxc8+ {[%clk 1:01:39]} Kf7
{[%clk 0:36:53]} 30. Rc7+ {[%clk 1:00:37]} Kf6 {[%clk 0:37:15]} 31. Nc5
{[%clk 1:00:31]} Nf4+ {[%clk 0:37:09]} 32. Kg3 {[%clk 1:00:43]} Ne2+
{[%clk 0:34:56]} 33. Kg2 {[%clk 0:59:41]} Nf4+ {[%clk 0:35:03]} 34. Kg3
{[%clk 0:59:59]} Ne2+ {[%clk 0:35:16]} 35. Kg2 {[%clk 1:00:21]} 1/2-1/2

[Event "Agen 2017 - Open B"]
[Site "?"]
[Date "2017.08.19"]
[Round "1.1"]
[White "Cazeaux, Didier"]
[Black "Noreskal, Slomy"]
[Result "1-0"]
[LiveChessVersion "1.4.8"]
[BlackElo "1987"]
[WhiteElo "1853"]

1. e4 {[%clk 1:30:55]} e6 {[%clk 1:30:29]} 2. d3 {[%clk 1:31:17]} c5
{[%clk 1:28:39]} 3. Nc3 {[%clk 1:29:51]} Nc6 {[%clk 1:29:00]} 4. f4
{[%clk 1:30:15]} d5 {[%clk 1:27:10]} 5. Nf3 {[%clk 1:29:45]} Nf6 {[%clk 1:23:03]}
6. Be2 {[%clk 1:27:51]} Nd4 {[%clk 1:09:28]} 7. O-O {[%clk 1:26:24]} Nxe2+
{[%clk 1:06:54]} 8. Qxe2 {[%clk 1:26:02]} d4 {[%clk 1:04:57]} 9. Nb1
{[%clk 1:24:54]} b5 {[%clk 0:41:20]} 10. a4 {[%clk 1:01:58]} bxa4
{[%clk 0:38:54]} 11. Rxa4 {[%clk 0:59:43]} Bd7 {[%clk 0:38:09]} 12. Ra1
{[%clk 0:59:25]} Bb5 {[%clk 0:29:07]} 13. Na3 {[%clk 0:59:27]} Ba6
{[%clk 0:29:02]} 14. Ne5 {[%clk 0:58:20]} Be7 {[%clk 0:12:01]} 15. g4
{[%clk 0:44:41]} Nd7 {[%clk 0:10:07]} 16. Nac4 {[%clk 0:40:46]} Bxc4
{[%clk 0:09:53]} 17. Nxc4 {[%clk 0:41:09]} f6 {[%clk 0:09:22]} 18. e5
{[%clk 0:38:59]} O-O {[%clk 0:07:22]} 19. exf6 {[%clk 0:38:46]} Rxf6
{[%clk 0:07:50]} 20. g5 {[%clk 0:37:47]} Rg6 {[%clk 0:06:28]} 21. h4
{[%clk 0:38:07]} e5 {[%clk 0:05:08]} 22. f5 {[%clk 0:32:13]} Rc6 {[%clk 0:03:31]}
23. Nxe5 {[%clk 0:31:47]} Nxe5 {[%clk 0:02:16]} 24. Qxe5 {[%clk 0:32:10]} Qd6
{[%clk 0:01:59]} 25. Bf4 {[%clk 0:30:31]} Qxe5 {[%clk 0:00:46]} 26. Bxe5
{[%clk 0:30:52]} Kf7 {[%clk 0:00:40]} 27. Rfe1 {[%clk 0:30:06]} h6
{[%clk 0:01:04]} 28. g6+ {[%clk 0:29:49]} Kg8 {[%clk 0:00:37]} 29. h5
{[%clk 0:29:50]} Bg5 {[%clk 0:00:36]} 30. Re4 {[%clk 0:23:06]} Bf6
{[%clk 0:00:33]} 31. Bf4 {[%clk 0:23:07]} Rb6 {[%clk 0:00:46]} 32. Rxa7
{[%clk 0:22:55]} Rf8 {[%clk 0:00:38]} 33. b3 {[%clk 0:22:57]} Bh4
{[%clk 0:00:34]} 34. Bc7 {[%clk 0:20:43]} Rbf6 {[%clk 0:00:52]} 35. Rxh4
{[%clk 0:20:15]} Rxf5 {[%clk 0:01:20]} 36. Bg3 {[%clk 0:18:57]} 1-0

[Event "Agen 2017 - Open B"]
[Site "?"]
[Date "2017.08.19"]
[Round "1.2"]
[White "Buisson, Lionel"]
[Black "Girel, Joseph"]
[Result "1-0"]
[LiveChessVersion "1.4.8"]
[BlackElo "1852"]
[WhiteElo "1976"]

1. e4 {[%clk 1:30:56]} c5 {[%clk 1:30:39]} 2. Nf3 {[%clk 1:31:16]} d6
{[%clk 1:31:00]} 3. d4 {[%clk 1:31:25]} cxd4 {[%clk 1:31:20]} 4. Nxd4
{[%clk 1:31:16]} Nf6 {[%clk 1:31:41]} 5. Nc3 {[%clk 1:31:37]} a6 {[%clk 1:31:58]}
6. Be2 {[%clk 1:31:14]} e5 {[%clk 1:31:33]} 7. Nb3 {[%clk 1:30:26]} Be6
{[%clk 1:31:07]} 8. Be3 {[%clk 1:29:49]} Nbd7 {[%clk 1:30:54]} 9. O-O
{[%clk 1:29:07]} Be7 {[%clk 1:30:25]} 10. f4 {[%clk 1:28:14]} Rc8
{[%clk 1:30:00]} 11. f5 {[%clk 1:28:27]} Bc4 {[%clk 1:30:20]} 12. Bxc4
{[%clk 1:25:04]} Rxc4 {[%clk 1:30:34]} 13. Qf3 {[%clk 1:22:30]} b5
{[%clk 1:29:39]} 14. a3 {[%clk 1:17:03]} Rc8 {[%clk 1:22:14]} 15. g4
{[%clk 1:00:51]} h6 {[%clk 1:18:20]} 16. Nd2 {[%clk 0:47:30]} Nb6
{[%clk 1:15:10]} 17. Rad1 {[%clk 0:34:24]} Nfd7 {[%clk 1:10:12]} 18. Qe2
{[%clk 0:21:12]} O-O {[%clk 1:04:24]} 19. Kh1 {[%clk 0:14:31]} Nc5
{[%clk 1:01:20]} 20. Nb3 {[%clk 0:13:22]} Nca4 {[%clk 0:52:58]} 21. Nxa4
{[%clk 0:12:53]} Nxa4 {[%clk 0:52:30]} 22. c3 {[%clk 0:12:52]} Nb6
{[%clk 0:50:49]} 23. Nd2 {[%clk 0:13:13]} Nc4 {[%clk 0:50:06]} 24. Nxc4
{[%clk 0:12:47]} Rxc4 {[%clk 0:50:16]} 25. Qf3 {[%clk 0:12:02]} Qa8
{[%clk 0:48:39]} 26. Rd5 {[%clk 0:12:31]} Rc6 {[%clk 0:38:03]} 27. Qh3
{[%clk 0:10:22]} Rc4 {[%clk 0:36:08]} 28. Qf3 {[%clk 0:08:02]} Rc6
{[%clk 0:35:42]} 29. f6 {[%clk 0:07:13]} Bxf6 {[%clk 0:35:36]} 30. Bxh6
{[%clk 0:07:33]} Qd8 {[%clk 0:33:49]} 31. Qf5 {[%clk 0:05:18]} Qc8
{[%clk 0:31:12]} 32. Qf3 {[%clk 0:01:41]} Qd8 {[%clk 0:31:28]} 33. Qf5
{[%clk 0:01:27]} Qc8 {[%clk 0:31:48]} 34. Be3 {[%clk 0:01:11]} Qxf5
{[%clk 0:31:16]} 35. exf5 {[%clk 0:01:22]} e4 {[%clk 0:26:31]} 36. Bf4
{[%clk 0:01:19]} Rc5 {[%clk 0:20:02]} 37. Rxd6 {[%clk 0:01:28]} Be5
{[%clk 0:19:12]} 38. Bxe5 {[%clk 0:01:40]} Rxe5 {[%clk 0:19:38]} 39. Re1
{[%clk 0:01:08]} e3 {[%clk 0:18:41]} 40. Kg2 {[%clk 0:31:32]} Rfe8
{[%clk 0:48:23]} 41. Kf3 {[%clk 0:29:35]} e2 {[%clk 0:46:44]} 42. Rd2
{[%clk 0:23:13]} Re3+ {[%clk 0:46:39]} 43. Kf2 {[%clk 0:23:41]} R8e4
{[%clk 0:38:47]} 44. g5 {[%clk 0:14:48]} Rh3 {[%clk 0:37:16]} 45. Rdxe2
{[%clk 0:14:40]} Rg4 {[%clk 0:32:03]} 46. Re8+ {[%clk 0:09:06]} Kh7
{[%clk 0:32:31]} 47. R1e7 {[%clk 0:07:31]} Rxh2+ {[%clk 0:31:57]} 48. Kf3
{[%clk 0:07:56]} Rxg5 {[%clk 0:30:26]} 49. Rxf7 {[%clk 0:07:55]} Rgg2
{[%clk 0:29:35]} 50. Ree7 {[%clk 0:05:02]} Rf2+ {[%clk 0:29:46]} 51. Ke3
{[%clk 0:05:18]} Re2+ {[%clk 0:30:04]} 52. Kd4 {[%clk 0:05:18]} Rxe7
{[%clk 0:30:19]} 53. Rxe7 {[%clk 0:05:40]} Rxb2 {[%clk 0:30:33]} 54. f6
{[%clk 0:05:22]} Rb3 {[%clk 0:30:19]} 55. Rxg7+ {[%clk 0:05:27]} Kh8
{[%clk 0:30:43]} 56. Rg3 {[%clk 0:05:16]} Rb1 {[%clk 0:30:44]} 57. f7
{[%clk 0:05:35]} Rf1 {[%clk 0:31:10]} 58. Rg8+ {[%clk 0:05:55]} 1-0

[Event "Agen 2017 - Open B"]
[Site "?"]
[Date "2017.08.19"]
[Round "1.3"]
[White "Esva, Dereck"]
[Black "Kozlowski, Thierry"]
[Result "0-1"]
[LiveChessVersion "1.4.8"]
[BlackElo "1976"]
[WhiteElo "1850"]

1. d4 {[%clk 1:30:14]} Nf6 {[%clk 1:30:53]} 2. c4 {[%clk 1:30:04]} e6
{[%clk 1:31:19]} 3. Nc3 {[%clk 1:29:02]} Bb4 {[%clk 1:31:45]} 4. Qc2
{[%clk 1:28:23]} Nc6 {[%clk 1:32:07]} 5. Nf3 {[%clk 1:26:39]} d6 {[%clk 1:32:31]}
6. Bg5 {[%clk 1:25:38]} h6 {[%clk 1:31:21]} 7. Bd2 {[%clk 1:20:17]} O-O
{[%clk 1:27:23]} 8. e3 {[%clk 1:19:47]} e5 {[%clk 1:23:06]} 9. d5
{[%clk 1:11:18]} Ne7 {[%clk 1:19:35]} 10. e4 {[%clk 1:09:15]} a5 {[%clk 1:16:42]}
11. h3 {[%clk 1:08:00]} Nh5 {[%clk 1:15:17]} 12. g4 {[%clk 1:03:08]} Nf4
{[%clk 1:06:36]} 13. Bxf4 {[%clk 0:57:40]} exf4 {[%clk 1:06:41]} 14. Nd4
{[%clk 0:57:14]} Ng6 {[%clk 1:05:30]} 15. O-O-O {[%clk 0:53:20]} Ne5
{[%clk 1:01:59]} 16. f3 {[%clk 0:47:32]} Bc5 {[%clk 0:59:16]} 17. Nce2
{[%clk 0:39:50]} a4 {[%clk 0:56:58]} 18. h4 {[%clk 0:39:38]} Qf6 {[%clk 0:51:24]}
19. Bg2 {[%clk 0:38:00]} a3 {[%clk 0:50:19]} 20. b3 {[%clk 0:37:42]} g6
{[%clk 0:34:45]} 21. Qd2 {[%clk 0:37:41]} g5 {[%clk 0:30:39]} 22. hxg5
{[%clk 0:37:49]} hxg5 {[%clk 0:31:04]} 23. Rh5 {[%clk 0:37:24]} Bd7
{[%clk 0:24:05]} 24. Ng1 {[%clk 0:36:31]} Ng6 {[%clk 0:19:50]} 25. Nh3
{[%clk 0:36:37]} Bxd4 {[%clk 0:19:07]} 26. Qxd4 {[%clk 0:36:42]} Qxd4
{[%clk 0:19:33]} 27. Rxd4 {[%clk 0:37:02]} f6 {[%clk 0:19:57]} 28. Bf1
{[%clk 0:36:03]} Be8 {[%clk 0:12:54]} 29. Nf2 {[%clk 0:34:49]} Nh4
{[%clk 0:10:02]} 30. Rxh4 {[%clk 0:34:42]} gxh4 {[%clk 0:10:28]} 31. Bh3
{[%clk 0:33:06]} Kf7 {[%clk 0:08:43]} 32. Nd3 {[%clk 0:33:34]} Ke7
{[%clk 0:08:59]} 33. Nxf4 {[%clk 0:33:40]} Bf7 {[%clk 0:09:28]} 34. Ng2
{[%clk 0:33:15]} Rh8 {[%clk 0:09:44]} 35. Kd2 {[%clk 0:32:17]} c6
{[%clk 0:06:55]} 36. Ne3 {[%clk 0:31:57]} Bg6 {[%clk 0:06:48]} 37. f4
{[%clk 0:30:04]} c5 {[%clk 0:07:07]} 38. Rd3 {[%clk 0:27:54]} Bxe4
{[%clk 0:07:34]} 39. Nc2 {[%clk 0:24:54]} Bxd3 {[%clk 0:06:41]} 40. Kxd3
{[%clk 0:55:12]} Rhg8 {[%clk 0:33:10]} 41. Ne3 {[%clk 0:54:43]} Kd8
{[%clk 0:21:38]} 42. Nf5 {[%clk 0:54:42]} Kc7 {[%clk 0:22:04]} 0-1